[Event "Velez Rapid op 10th"]
[Site "Velez Santander"]
[Date "2023.11.06"]
[Round "6"]
[White "Rubiano Suarez, Carlos Alberto"]
[Black "Sanchez Soba, Omar Jose"]
[Result "1-0"]
[WhiteElo "1813"]
[BlackElo "1386"]
[PlyCount "51"]
[EventDate "2023.11.06"]
[EventType "swiss (rapid)"]
[EventRounds "10"]
[EventCountry "COL"]
[SourceTitle "CBM 217 Extra"]
[Source "ChessBase"]
[SourceDate "2024.01.31"]
[SourceVersion "1"]
[SourceVersionDate "2024.01.31"]
[SourceQuality "1"]

1. d4 d6 2. Bf4 Nf6 3. Nf3 g6 4. e3 Bg7 5. Be2 0-0 6. 0-0 h6 7. h3 Nbd7 8. c4 c5 9. Nc3 a6 10. Rc1 Qb6 11. Qd2 cxd4 12. exd4 Qb4 13. Bxh6 Bxh6 14. Qxh6 Nh7 15. Nd5 Qxb2 16. Nxe7+ Kh8 17. Bd3 Re8 18. Rfe1 Ndf8 19. Nxg6+ fxg6 20. Rxe8 Bf5 21. Rxa8 Bxd3 22. Re1 Qxa2 23. Ree8 Qa1+ 24. Kh2 Kg8 25. Rxf8+ Nxf8 26. Rxf8# 1-0

[Event "Velez Rapid op 10th"]
[Site "Velez Santander"]
[Date "2023.11.06"]
[Round "9"]
[White "Ynojosa Aponte, Felix Jose"]
[Black "Rubiano Suarez, Carlos Alberto"]
[Result "1-0"]
[WhiteElo "2393"]
[BlackElo "1813"]
[PlyCount "65"]
[EventDate "2023.11.06"]
[EventType "swiss (rapid)"]
[EventRounds "10"]
[EventCountry "COL"]
[SourceTitle "CBM 217 Extra"]
[Source "ChessBase"]
[SourceDate "2024.01.31"]
[SourceVersion "1"]
[SourceVersionDate "2024.01.31"]
[SourceQuality "1"]

1. e4 d5 2. exd5 Qxd5 3. Nf3 Bg4 4. Be2 Nf6 5. h3 Bh5 6. d4 e6 7. c4 Qd6 8. Nc3 c6 9. Qb3 Qb4 10. Qc2 Be7 11. Be3 Bg6 12. Qd2 0-0 13. Ne5 Nbd7 14. f4 Nxe5 15. fxe5 Nd7 16. 0-0 Rad8 17. a3 Qa5 18. b4 Qc7 19. Qe1 b6 20. c5 bxc5 21. bxc5 Rb8 22. Bf3 Rb2 23. Ne4 Bxe4 24. Bxe4 Rfb8 25. Qg3 Qd8 26. Rf3 Qf8 27. Raf1 f6 28. Bxc6 Rd8 29. Bxd7 Rxd7 30. exf6 Bxf6 31. c6 Rd8 32. Rxf6 Qxf6 33. Rxf6 1-0

[Event "Tunja Boyaca op-B"]
[Site "Tunja"]
[Date "2019.08.03"]
[Round "6"]
[White "Rubiano Suarez, Carlos Alberto"]
[Black "Torres Hernandez, David Fernando"]
[Result "1/2-1/2"]
[WhiteElo "1812"]
[BlackElo "1850"]
[PlyCount "67"]
[EventDate "2019.07.31"]
[EventType "swiss"]
[EventRounds "9"]
[EventCountry "COL"]
[SourceTitle "EXT 2020"]
[Source "ChessBase"]
[SourceDate "2019.10.17"]
[SourceVersion "1"]
[SourceVersionDate "2019.10.17"]
[SourceQuality "1"]

1. c4 e5 2. d3 Nc6 3. Nc3 Nf6 4. g3 Bb4 5. Bd2 0-0 6. Bg2 Rb8 7. Nf3 d5 8. cxd5 Nxd5 9. Qb3 Nxc3 10. bxc3 Be6 11. Qa4 b5 12. Qc2 Be7 13. 0-0 Qd7 14. Rfd1 f5 15. Bg5 b4 16. c4 Bxg5 17. Nxg5 Nd4 18. Qb2 Kh8 19. e3 Nc6 20. Nxe6 Qxe6 21. Bxc6 Qxc6 22. Qxe5 h6 23. Rd2 Rbe8 24. Qd4 a5 25. a3 Qf6 26. Qxf6 Rxf6 27. axb4 axb4 28. c5 g5 29. Rb1 f4 30. e4 fxg3 31. hxg3 Rc6 32. Rxb4 Rxc5 33. Rd4 Kg7 34. f4 1/2-1/2